Normal view
MARC view
- L MAXWELL, JOHN C
Entry Personal Name
001 - CONTROL NUMBER
- control field: 74166
003 - CONTROL NUMBER IDENTIFIER
- control field: NUST
005 - DATE AND TIME OF LATEST TRANSACTION
- control field: 20210628205139.0
008 - FIXED-LENGTH DATA ELEMENTS
- fixed length control field: 210628|| aca||aabn | a|a d
040 ## - CATALOGING SOURCE
- Original cataloging agency: NUST
- Transcribing agency: NUST
100 ## - HEADING--PERSONAL NAME
- Personal name: L MAXWELL, JOHN C
670 ## - SOURCE DATA FOUND
- Source citation: Work cat.: (NUST): L MAXWELL, JOHN C, Ultimate leadership,maximize your petential and empower your team, 2001
